Psychology

This is the new edition of an introductory text, which has been revised every five years ago since original publication in 1981. Gleitman (U. of Pennsylvania), Riesberg (Reed College), and Gross (Stanford U.) combine their expertise to offer thoughtful coverage of the field in thematic sections focu...

全面介紹

Đã lưu trong:
書目詳細資料
主要作者: Gleitman, Henry
格式: 圖書
語言:Undetermined
出版: New York W.W. Norton 2004
主題:
標簽: 添加標簽
沒有標簽, 成為第一個標記此記錄!
Thư viện lưu trữ: Trung tâm Học liệu Trường Đại học Cần Thơ
LEADER 01361nam a2200217Ia 4500
001 CTU_140380
008 210402s9999 xx 000 0 und d
020 |c 15 
082 |a 150 
082 |b G556 
100 |a Gleitman, Henry 
245 0 |a Psychology 
245 0 |c Henry Gleitman, Alan J. Fridlund, Daniel Reisberg 
260 |a New York 
260 |b W.W. Norton 
260 |c 2004 
520 |a This is the new edition of an introductory text, which has been revised every five years ago since original publication in 1981. Gleitman (U. of Pennsylvania), Riesberg (Reed College), and Gross (Stanford U.) combine their expertise to offer thoughtful coverage of the field in thematic sections focussing on foundations (evolution, the brain, sensation, perception); knowledge and thought (learing, memory, thinking, language); the person in context (cognitive and social development, social cognition and emotion, social influence and relationships); and individual differences (intelligence, personality, psycholpathology, and treatment of mental disorders). Quizzes, video exercises, news stories (updated weekly), and other learning tools are available on a companion website. 
650 |a Psychology,Tâm lý học 
650 |x Textbooks,Sách giáo khoa 
904 |i Trọng Hải 
980 |a Trung tâm Học liệu Trường Đại học Cần Thơ